000 00606nam a2200193Ia 4500
005 20250508164946.0
008 008 250505s9999 xx 000 0 eng d
037 _aDissertations
040 _aFEDL
_beng
_cFEDL
041 _aeng
_2eng
084 _a372.51, SET/DI
_qFEDL
100 _aSeth Nidhi
_9779589
245 0 _aStudy on developing strategies to improve creative writing abilities in english at the middle school stage
260 _c2010
300 _a163p.
546 _aM. Ed. Dissertation (Delhi University)
942 _cDIS
_h372.51, SET/DI
999 _c1392282
_d1392282